[Event "Buenos Aires Bolivar op 4th"]
[Site "Buenos Aires"]
[Date "2011.06.23"]
[Round "9"]
[White "Fusco, Leonardo"]
[Black "Tristan, Leonardo"]
[Result "1/2-1/2"]
[WhiteElo "2379"]
[BlackElo "2444"]
[PlyCount "47"]
[EventDate "2011.06.13"]
[EventType "swiss"]
[EventRounds "9"]
[EventCountry "ARG"]
[SourceTitle "EXT 2014"]
[Source "ChessBase"]
[SourceDate "2013.11.20"]
[SourceVersion "1"]
[SourceVersionDate "2013.11.20"]
[SourceQuality "1"]

1. e4 c5 2. Nf3 d6 3. d4 cxd4 4. Nxd4 Nf6 5. Nc3 g6 6. Be3 Bg7 7. f3 0-0 8. Qd2 Nc6 9. Bc4 Bd7 10. 0-0-0 Rc8 11. Bb3 Nxd4 12. Bxd4 b5 13. h4 a5 14. h5 a4 15. Bxf6 Bxf6 16. hxg6 e6 17. e5 Bg7 18. Rxh7 Bxe5 19. Rdh1 fxg6 20. Rh8+ Bxh8 21. Rxh8+ Kxh8 22. Qh6+ Kg8 23. Qxg6+ Kh8 24. Qh6+ 1/2-1/2

[Event "Buenos Aires Bolivar op 4th"]
[Site "Buenos Aires"]
[Date "2011.06.20"]
[Round "6"]
[White "Lemos, Damian"]
[Black "Fusco, Leonardo"]
[Result "0-1"]
[WhiteElo "2550"]
[BlackElo "2379"]
[PlyCount "55"]
[EventDate "2011.06.13"]
[EventType "swiss"]
[EventRounds "9"]
[EventCountry "ARG"]
[SourceTitle "EXT 2014"]
[Source "ChessBase"]
[SourceDate "2013.11.20"]
[SourceVersion "1"]
[SourceVersionDate "2013.11.20"]
[SourceQuality "1"]

1. d4 Nf6 2. c4 e6 3. Nf3 c5 4. g3 cxd4 5. Nxd4 d5 6. Bg2 e5 7. Nf3 d4 8. 0-0 Nc6 9. e3 Be7 10. exd4 exd4 11. Bf4 0-0 12. Ne5 Qb6 13. Qb3 Na5 14. Qxb6 axb6 15. Na3 Bxa3 16. bxa3 Bf5 17. Rfd1 Rfd8 18. Rd2 Ne4 19. Bxe4 Bxe4 20. Re1 Bf5 21. Red1 f6 22. Nf3 d3 23. Nh4 Bg6 24. Be3 Nxc4 25. Rxd3 Rxd3 26. Rxd3 Rxa3 27. Rxa3 Nxa3 28. Bxb6 0-1

[Event "Buenos Aires Bolivar op 4th"]
[Site "Buenos Aires"]
[Date "2011.06.17"]
[Round "5"]
[White "Fusco, Leonardo"]
[Black "Real de Azua, Ernesto"]
[Result "1/2-1/2"]
[WhiteElo "2379"]
[BlackElo "2416"]
[PlyCount "29"]
[EventDate "2011.06.13"]
[EventType "swiss"]
[EventRounds "9"]
[EventCountry "ARG"]
[SourceTitle "EXT 2014"]
[Source "ChessBase"]
[SourceDate "2013.11.20"]
[SourceVersion "1"]
[SourceVersionDate "2013.11.20"]
[SourceQuality "1"]

1. d4 Nf6 2. c4 e6 3. Nc3 Bb4 4. e3 c5 5. Nf3 Nc6 6. Bd3 Bxc3+ 7. bxc3 d6 8. Nd2 e5 9. d5 Ne7 10. Qc2 Bd7 11. 0-0 0-0 12. a4 h6 13. f4 Ng4 14. Ne4 exf4 15. Nxd6 1/2-1/2

[Event "Buenos Aires Bolivar op 4th"]
[Site "Buenos Aires"]
[Date "2011.06.16"]
[Round "4"]
[White "Bianchi, Lucas"]
[Black "Fusco, Leonardo"]
[Result "0-1"]
[WhiteElo "2224"]
[BlackElo "2379"]
[PlyCount "94"]
[EventDate "2011.06.13"]
[EventType "swiss"]
[EventRounds "9"]
[EventCountry "ARG"]
[SourceTitle "EXT 2014"]
[Source "ChessBase"]
[SourceDate "2013.11.20"]
[SourceVersion "1"]
[SourceVersionDate "2013.11.20"]
[SourceQuality "1"]

1. d4 Nf6 2. c4 g6 3. Nc3 Bg7 4. e4 d6 5. Nf3 0-0 6. Be2 e5 7. d5 a5 8. Bg5 h6 9. Bh4 Na6 10. Nd2 Bd7 11. 0-0 Qe8 12. b3 Nh7 13. a3 h5 14. f3 Bh6 15. Qc2 Be3+ 16. Kh1 f5 17. Nd1 Bd4 18. Rb1 Bc5 19. Qc1 f4 20. Bf2 b6 21. Bxc5 bxc5 22. Qc3 Qd8 23. Rg1 h4 24. Nf2 Nf6 25. Nd3 Nh5 26. Rge1 h3 27. g4 fxg3 28. hxg3 Nxg3+ 29. Kh2 Qg5 30. f4 Nxe4 31. fxg5 Nxc3 32. Rbc1 Nxe2 33. Rxe2 Kg7 34. Nf2 Rf4 35. Rc3 Raf8 36. Nxh3 Bxh3 37. Kxh3 Nb8 38. Kg3 Nd7 39. Ne4 R8f5 40. Ree3 Nf8 41. b4 axb4 42. axb4 cxb4 43. Rb3 Nh7 44. Rxb4 Nxg5 45. Nd2 Kf6 46. Rb7 Rd4 47. Re2 Rxd2 0-1

[Event "Rio de Janeiro2"]
[Site "Rio de Janeiro"]
[Date "2011.01.29"]
[Round "2"]
[White "Fusco, Leonardo"]
[Black "Rodi, Luis Ernesto"]
[Result "0-1"]
[WhiteElo "2359"]
[BlackElo "2320"]
[PlyCount "78"]
[EventDate "2011.01.28"]
[EventType "tourn"]
[EventRounds "9"]
[EventCountry "BRA"]
[EventCategory "2"]
[SourceTitle "EXT 2012"]
[Source "ChessBase"]
[SourceDate "2011.11.24"]
[SourceVersion "1"]
[SourceVersionDate "2011.11.24"]
[SourceQuality "1"]

1. e4 e5 2. Nf3 Nc6 3. Bb5 a6 4. Ba4 Nf6 5. 0-0 b5 6. Bb3 Bb7 7. c3 Nxe4 8. d4 Na5 9. Bc2 exd4 10. b4 Nc4 11. Bxe4 Bxe4 12. Re1 d5 13. Nxd4 c5 14. bxc5 Bxc5 15. f3 0-0 16. fxe4 dxe4 17. Rxe4 Qd5 18. Qf3 b4 19. Nd2 bxc3 20. N2b3 Ba7 21. Bh6 Ne5 22. Qf5 f6 23. Bxg7 Kxg7 24. Rh4 h6 25. Kh1 Bxd4 26. Nxd4 Rae8 27. Qh5 Rh8 28. Rf1 Qf7 29. Nf5+ Kf8 30. Qd1 Qd7 31. Qc1 Rc8 32. Qa3+ Kf7 33. Nd6+ Kg7 34. Nxc8 Rxc8 35. Qc1 Qd2 36. Qxd2 cxd2 37. Rd4 Rc1 38. Kg1 Nc4 39. Rd3 Ne3 0-1

[Event "Rio de Janeiro2"]
[Site "Rio de Janeiro"]
[Date "2011.01.29"]
[Round "3"]
[White "Guimaraes, Wagner Peixoto"]
[Black "Fusco, Leonardo"]
[Result "0-1"]
[WhiteElo "2289"]
[BlackElo "2359"]
[PlyCount "76"]
[EventDate "2011.01.28"]
[EventType "tourn"]
[EventRounds "9"]
[EventCountry "BRA"]
[EventCategory "2"]
[SourceTitle "EXT 2012"]
[Source "ChessBase"]
[SourceDate "2011.11.24"]
[SourceVersion "1"]
[SourceVersionDate "2011.11.24"]
[SourceQuality "1"]

1. e4 c5 2. Nf3 d6 3. d4 cxd4 4. Nxd4 Nf6 5. Nc3 a6 6. Bc4 e6 7. Bb3 b5 8. 0-0 Bd7 9. f4 b4 10. Na4 Nc6 11. f5 e5 12. Ne2 Be7 13. Ng3 Nd4 14. Bg5 0-0 15. Bxf6 Bxf6 16. Nh5 Bg5 17. Kh1 Bb5 18. Re1 Nxb3 19. axb3 f6 20. Qd5+ Kh8 21. c4 bxc3 22. Nxc3 Be8 23. Qd1 Qb8 24. Ra3 Bf7 25. Nd5 Rc8 26. Ra1 Qb7 27. Ng3 Rc5 28. Nc3 Rd8 29. Ra3 a5 30. Qa1 Ra8 31. Rd1 Ra6 32. Na4 Rc8 33. b4 axb4 34. Nc5 Rxa3 35. Nxb7 Rxa1 36. Rxa1 Rc1+ 37. Rxc1 Bxc1 38. Nxd6 Ba2 0-1